000 00234nam a2200097Ia 4500
008 220204s9999 xx 000 0 und d
082 _a631.8:31
_bFER
245 0 _aFertiliser statistics 1959.
260 _aDelhi
_bFAI
_c1960
942 _cBK
999 _c19612
_d19612